| 000 | 00645cab a2200229 4500 | ||
|---|---|---|---|
| 001 | ABS41104 | ||
| 008 | 090401t1989 xxu||||| |||| 00| 0 eng d | ||
| 035 | _a(Sirsi) u28251 | ||
| 041 | _aeng | ||
| 100 | _aHoare, S. | ||
| 245 | _aCountdown to Eurocodes | ||
| 260 | _c1989 | ||
| 350 | _a0 | ||
| 490 |
_aConstruction News _v(6121) 20 July 1989, 17(1) |
||
| 520 | _aReports on the proposed changeover from British codes of practice to Eurocodes , highlighting problems that could arise. | ||
| 650 | _aBUILDING INDUSTRY | ||
| 650 | _aEEC | ||
| 650 | _aSTANDARDS | ||
| 690 | _aEUROPE-SINGLE MARKET | ||
| 942 | _n0 | ||
| 948 | _c04/03/1997 | ||
| 999 |
_c19045 _d19045 |
||